000 00567nam a22002057a 4500
005 20260515115049.0
008 250227b |||||||| |||| 00| 0 eng d
020 _a9789358491913
040 _aIN-DiNC
_cIN-DiNC
041 _dasm
082 _a351
_bDUT
100 _aDutta, Mridul
_eauthor
245 _aLoka prashasanar parichay (Major6)/
_cby Mridul Dutta and Arun Baruah
250 _a1st ed.
260 _aDibrugarh:
_bBanalata,
_c2025.
300 _a223p.
650 _aPublic administration (Major6)
700 _aBaruah, Arun
_eauthor
942 _2ddc
_cBK
999 _c12049
_d12049